Score 0/26 Timer 03:00
0 Plays Today
Hint 4-Letter Word % Correct
Pig meatPORK
93.5%
Bottle stopperCORK
92.5%
Person who prepares food for a livingCOOK
92.2%
Alcoholic, fermented drinkBEER
88.7%
◢ Midday ◣NOON
88.7%
Powdered drink mix ___-AidKOOL
87.7%
Collection of sheets of paper bound togetherBOOK
82.6%
Home depot purchaseTOOL
81.2%
Noble gasNEON
81.1%
◢ Eccentric person ◣KOOK
80.7%
◢ Tugboat noise ◣TOOT
80.4%
Old geezerCOOT
79.1%
College quartersDORM
77.2%
Hint 4-Letter Word % Correct
Prefix meaning 'skin'DERM
73.9%
BonusPERK
73.6%
Descendant of Dutch colonists in South AfricaBOER
71.6%
Mannerless chapBOOR
71.4%
◢ Quick look ◣PEEP
70.6%
Cop's catchPERP
70.3%
◢ Informal name for the BBC ◣BEEB
67%
SerfPEON
66.1%
End of the head of a hammerPEEN
63.8%
Consider to beDEEM
63.8%
◢ Ownership card, in monopoly ◣DEED
63.4%
RuleNORM
61.2%
Norse goddess of fateNORN
58.1%

Today's Daily Dose

Remove Ads.
Support Sporcle.
Get the best of Sporcle when you Go Orange. This ad-free experience offers more features, more stats, and more fun while also helping to support Sporcle. Thank you for becoming a member.

You're not logged in!

Compare scores with friends on all Sporcle quizzes.
OR
Log In

Show Comments

Extras

Top Quizzes Today


Score Distribution

Your Account Isn't Verified!

In order to create a playlist on Sporcle, you need to verify the email address you used during registration. Go to your Sporcle Settings to finish the process.

Report this User

Report this user for behavior that violates our Community Guidelines.

Details: